000 00372pam a2200145 a 4500
020 _c
041 _aeng
082 _a050
_bKRA
100 _aKramer J ,
_eAuthor .
245 _aIEEE Software Engineering Vol - 35 ,
_hBound Volumes
260 _a[s.l]:
_bIEEE Computer Society ,
_c2009.
300 _bHB;
_c28*20.
653 _aGeneral serial publications
930 _a16768
999 _c59989
_d59989